000 00298nam a22001337a 4500
008 171024b xxu||||| |||| 00| 0 eng d
020 _a9780922914104
041 _aeng
080 _a311
100 _a55
101 _aSTA
245 _aSOCIAL STATISTICS USING MICROCASE
_cFOX,W
942 _2udc
_cBK
999 _c35646
_d35646